000
00296 a2200145 4500
001
165714
020
_a
040
_c
Magnum
100
_a
Alves, Nilda Et Al.
240
1
0
_a
O sentido da escola
_l
por
245
1
0
_a
O sentido da escola
362
0
_a
1899
697
_a
PEDAGOGIA
942
_c
BK
999
_c
165714
_d
165714